000 00277nam a2200121Ia 4500
008 151213s9999 xx 000 0 und d
245 _aDhaka Law Report
260 _aDhaka
_bDhaka Law Report
_c1994
300 _a7255 p.
650 _aLaw
650 _aLaw Report
999 _c3853
_d3853